Tenzi tatu za kale (Record no. 1474)

000 -LEADER
fixed length control field 00675nam a22002177a 4500
003 - CONTROL NUMBER IDENTIFIER
control field OSt
005 - DATE AND TIME OF LATEST TRANSACTION
control field 20150127150715.0
008 - FIXED-LENGTH DATA ELEMENTS--GENERAL INFORMATION
fixed length control field 150127b xxu||||| |||| 00| 0 eng d
020 ## - INTERNATIONAL STANDARD BOOK NUMBER
International Standard Book Number 9976911343
050 ## - LIBRARY OF CONGRESS CALL NUMBER
Classification number PL 8704.T4K5 1999
100 ## - MAIN ENTRY--PERSONAL NAME
Personal name Mulokozi, M. M.
245 ## - TITLE STATEMENT
Title Tenzi tatu za kale
Statement of responsibility, etc M. M. Mulokozi
260 ## - PUBLICATION, DISTRIBUTION, ETC. (IMPRINT)
Place of publication, distribution, etc Dar es Salaam
Name of publisher, distributor, etc Chuo Kikuu cha Dar es Salaam, Taasisi ya Uchunguzi wa Kiswahili
Date of publication, distribution, etc 1999
300 ## - PHYSICAL DESCRIPTION
Extent 140 p.
504 ## - BIBLIOGRAPHY, ETC. NOTE
Bibliography, etc Includes bibl. refs.
520 ## - SUMMARY, ETC.
Summary, etc A study of three ancient epic poems
546 ## - LANGUAGE NOTE
Language note In Swahili.
650 ## - SUBJECT ADDED ENTRY--TOPICAL TERM
Topical term or geographic name as entry element Swahili poetry.
710 ## - ADDED ENTRY--CORPORATE NAME
Corporate name or jurisdiction name as entry element Chuo Kikuu cha Dar es Salaam.
Subordinate unit Taasisi ya Uchunguzi wa Kiswahili.
942 ## - ADDED ENTRY ELEMENTS (KOHA)
Source of classification or shelving scheme
Koha item type Book
Holdings
Withdrawn status Lost status Source of classification or shelving scheme Damaged status Not for loan Home library Current library Shelving location Date acquired Total Checkouts Total Renewals Full call number Barcode Date last seen Date checked out Copy number Price effective from Koha item type
          Riara University Library Riara University Library General stack 27/01/2015 10 4 PL 8704 .T4K5 1999 5252/15 05/11/2019 22/10/2019 C.1 27/01/2015 Book
          Riara University Library Riara University Library General stack 03/02/2015 6 1 PL 8704 .T4K5 1999 5256/15 22/10/2019 08/10/2019 C.2 03/02/2015 Book

Riara University Library,
P.O. Box 49940-00100,
Nairobi, Kenya.